A Tokaji borvidék speciális vendéglátása helyi vállalkozások példáján keresztül
| Szerző: | |
|---|---|
| További közreműködők: | |
| Dokumentumtípus: | Diplomadolgozat |
| Kulcsszavak: | Borvidék Tokaj-Hegyalja Borturizmus Vendéglátás vállalkozások |
| Online Access: | http://dolgozattar.uni-bge.hu/23501 |
MARC
| LEADER | 00000nta a2200000 i 4500 | ||
|---|---|---|---|
| 001 | dolg23501 | ||
| 005 | 20200226160615.0 | ||
| 008 | 191128suuuu hu om 000 hun d | ||
| 040 | |a BGE Dolgozattár Repozitórium |b hun | ||
| 041 | |a hu | ||
| 100 | 1 | |a Harsányi Laura Katalin | |
| 245 | 1 | 2 | |a A Tokaji borvidék speciális vendéglátása helyi vállalkozások példáján keresztül |c Harsányi Laura Katalin |h [elektronikus dokumentum] |
| 246 | 1 | 1 | |a A Tokaji borvidék speciális vendéglátása helyi vállalkozások példáján keresztül |
| 695 | |a Borvidék | ||
| 695 | |a Tokaj-Hegyalja | ||
| 695 | |a Borturizmus | ||
| 695 | |a Vendéglátás | ||
| 695 | |a vállalkozások | ||
| 700 | 1 | |a Gancsovné Rossi Krisztina |e ths | |
| 856 | 4 | 0 | |u http://dolgozattar.uni-bge.hu/23501/1/Hars%C3%A1nyi_Laura_Katalin_DVJCRL.pdf |z Dokumentum-elérés |